000 02254nam a2200301 a 4500
008 070716s2006 ||||||||||||||||| || u
050 _aHD 9539.C7 Z2 Fra
100 _aLungu, John
245 1 0 _aFor whom the wind falls?: winners and losers in the privatisation of Zambia's copper mines.
_cAlastair Fraser & John Lungu
260 _aLusaka
_bCSTNZ /CCJDP
_c2006
300 _a84p.: ill.
350 _a0.00
500 _aThe study was sponsored by Civil Society Trade Network of Zambia (CSTNZ) & Catholic Centre for Justiice, Development and Peace, Zambia Episcopal Conference (CCJDP)
650 _aMINING INDUSTRY--SOCIAL ASPECTS--ZAMBIA
650 _aMINING INDUSTRY--ECONOMIC ASPECTS--ZAMBIA
650 _aCOPPER INDUSTRY AND TRADE--ZAMBIA
650 _aMINING
650 _aPRIVATIZATION--ZAMBIA
700 _aFraser, Alastair
995 _aMAIN LIBRARY OPEN ACCESS
_D0.00
_e737722
_FCBU-MAIN LIBRARY (Kitwe)
_H1
_I0.00
_jHD 9539.C7 Z2 FRA
_M5
_UAVAILABLE
_WJul 16, 2007
_y55114
_ZMain Library Open Access Collection
995 _aMAIN LIBRARY OPEN ACCESS
_D0.00
_e742380
_FCBU-MAIN LIBRARY (Kitwe)
_H1
_I0.00
_jHD 9539.C7 Z2 FRA
_M8
_UAVAILABLE
_WJan 31, 2011
_y742380
_ZMain Library Open Access Collection
995 _aMAIN LIBRARY OPEN ACCESS
_D0.00
_e737723
_FCBU-MAIN LIBRARY (Kitwe)
_H1
_I0.00
_jHD 9539.C7 Z2 FRA
_M2
_UAVAILABLE
_WJul 16, 2007
_y55113
_ZMain Library Open Access Collection
995 _aMAIN LIBRARY OPEN ACCESS
_D0.00
_e742378
_FCBU-MAIN LIBRARY (Kitwe)
_H1
_I0.00
_jHD 9539.C7 Z2 FRA
_M6
_UAVAILABLE
_WJan 31, 2011
_y742378
_ZMain Library Open Access Collection
995 _aMAIN LIBRARY OPEN ACCESS
_D0.00
_e737726
_FCBU-MAIN LIBRARY (Kitwe)
_H1
_I0.00
_jHD 9539.C7 Z2 FRA
_M1
_UAVAILABLE
_WJul 16, 2007
_y55110
_ZMain Library Open Access Collection
995 _aSPECIAL COLLECTIONS
_D0.00
_e737725
_FCBU-MAIN LIBRARY (Kitwe)
_H1
_I0.00
_jZAM HD 9539.C7 Z2 FRA
_M3
_UAVAILABLE
_WJul 16, 2007
_y55111
_ZZambiana Collection
995 _aSPECIAL COLLECTIONS
_D0.00
_e737724
_FCBU-MAIN LIBRARY (Kitwe)
_H1
_I0.00
_jZAM HD 9539.C7 Z2 FRA
_M4
_UAVAILABLE
_WJul 16, 2007
_y55112
_ZZambiana Collection
995 _aMAIN LIBRARY OPEN ACCESS
_D0.00
_e742379
_FCBU-MAIN LIBRARY (Kitwe)
_H1
_I0.00
_jHD 9539.C7 Z2 FRA
_M7
_UAVAILABLE
_WJan 31, 2011
_y742379
_ZMain Library Open Access Collection
999 _c63206
_d63206